| 000 | 02649cam a22004574i 4500 | ||
|---|---|---|---|
| 003 | PE-LiUPU | ||
| 005 | 20250731165406.0 | ||
| 008 | 151012s2015 pe a grm 000 0 spa d | ||
| 035 | _a(Sirsi) a154827 | ||
| 040 |
_aPE-LiUPU _bspa _cPE-LiUPU _erda |
||
| 082 | 0 | 4 |
_a612.67 _bB21 |
| 099 |
_aTEF 2 _bB21 2015 |
||
| 100 | 1 |
_aBances Vallejos, Yesenia Medaly _eautor |
|
| 245 | 1 |
_aPrincipales conductas de estilos de vida de la población adulta mayor del asentamiento humano Miguel Grau, Chaclacayo, Lima, 2014 / _cYesenia Medaly Bances Vallejos. |
|
| 264 | 0 | _c2015. | |
| 300 |
_a95 hojas : _bilustraciones; _c30 cm |
||
| 336 |
_atext _2rdacontent |
||
| 337 |
_aunmediated _2rdamedia |
||
| 338 |
_avolume _2rdacarrier |
||
| 502 |
_aTesis _b(Lic.) -- _cUniversidad Peruana Unión, _d2015. |
||
| 504 | _aIncluye referencias bibliográficas | ||
| 520 | 3 | _aEl objetivo de este estudio fue determinar las principales conductas de estilo de vida de la población adulta mayor del asentamiento humano Miguel Grau, Lima. El estudio fue de diseño no experimental, enfoque cuantitativo, de corte transversal, y alcance descriptivo. Se utilizó un muestreo por conveniencia, se utilizó criterios para seleccionar a los participantes. El instrumento de recolección de datos fue la Encuesta de Estilos de Vida, adaptada por Contreras (2010). El grupo de participantes fue 207 adultos mayores. Los resultados respecto a la dimensión alimentación muestran que la mitad (50%) de los adultos mayores tienen prácticas poco saludables. En la actividad física se encontró en el 55.6% de los adultos mayores, prácticas poco saludables. Para autocuidado, 43.0% tienen conductas poco saludables. En cuanto a manejo de estrés, 56.5% tienen un manejo de estrés poco saludable. Sobre el apoyo social se encontró que 72.5% de los adultos mayores tienen un apoyo social saludable. Finalmente, se encontró que 70.5% tienen una autorrealización poco saludable. En conclusión, las prácticas de las conductas del estilo de vida del adulto mayor se encuentran entre poco saludable y saludables. | |
| 526 | _aSEG44 | ||
| 526 | _aSEG26 | ||
| 526 | _aP151 | ||
| 526 | _aP150 | ||
| 526 | _aP149 | ||
| 526 | _aP146 | ||
| 526 | _aP145 | ||
| 526 | _aP126 | ||
| 526 | _aP125 | ||
| 526 | _aP92 | ||
| 526 | _aP75 | ||
| 526 | _aP74 | ||
| 526 | _aP27 | ||
| 526 | _aP15 | ||
| 650 | 0 | 4 |
_aAncianos _xEstilos de vida _zChaclacayo (Distrito de Lima). |
| 596 | _a1 | ||
| 942 |
_2ddc _cTESIS |
||
| 999 |
_aTEF 2 B21 2015 _wALPHANUM _c7524 _iT01737 _lCCODEBUL3 _mBUL _r1 _sY _tTESIS _u2015-10-12 _xSALUD _PP22 _o.STAFF. Tesis _d7524 |
||
| 980 |
_81 _gALBERTO SANCHEZ Responsable de Automatización |
||